000 01796cam a22004574i 4500
003 PE-LiUPU
005 20250731173004.0
008 150623s1999 miu r 000 0 eng d
020 _a0802824420
035 _a(Sirsi) i9780802824424
040 _aPE-LiUPU
_bspa
_cPE-LiUPU
_erda
049 _aPRUA
082 0 4 _a270.09
_bW94
_221
245 0 2 _aA world history of christianity /
_ceditado por Adrian Hastings.
264 1 _aGrand Rapids, Michigan :
_bWilliam B. Eerdmans Publishing Co.,
_c1999.
300 _a594 páginas ;
_c24 centímetros
336 _atext
_2rdacontent
337 _aunmediated
_2rdamedia
338 _avolume
_2rdacarrier
504 _aIncluye bibliografía.
505 0 _aThe emergence of christianity -- 150-550 -- The orthodox church in byzantium -- The medieval west -- India -- Africa -- Reformation and counter-reformation -- Eastern Europe since the fifteenth century -- latin America -- China and its neighbours -- North america -- Christianity in western euroipe from the enlightenment -- Australia and the Pacific.
526 _aSEG42
526 _aSEG41
526 _aSEG40
526 _aSEG39
526 _aP94
526 _aP87
526 _aP86
526 _aP85
526 _aP77
526 _aP76
526 _aP35
650 1 4 _aIglesia
_xHistoria.
700 1 _aHastings, Adrian,
_eed.
942 _2ddc
_cBOOK
949 _a270.09 W94
_wDEWEY
_c1
_i45611
_lCCODEBUL1
_mBUL
_r0
_sY
_tBOOK
_u2015-6-24
_xTEOLOGIA
_PP35
_0COMPRA
_o.STAFF. Colección Teología
994 _aC0
_bPEPRU
596 _a1
999 _a270.09 W94
_wDEWEY
_c22481
_i45611
_f2021-11-11
_g5
_lCCODEBUL1
_mBUL
_p30.00
_r0
_sY
_tBOOK
_u2015-6-24
_xTEOLOGIA
_PP35
_0COMPRA
_o.STAFF. Colección Teología
_d22481
980 _81
_gALBERTO SANCHEZ Responsable de Automatización